Địa chất kỹ thuật ứng dụng
Nội dung tài liệu trình bày gọn và chi tiết những ứng dụng của địa kỹ thuật vào trong công trình xây dựng được dặt trên lớp vỏ ngoià cùng của trái đất. Lo[pứ vỏ này được cấu tạo bỏi nhiều loại đất đá khác nhau về thành phần vật chấ...
Guardado en:
| Autor principal: | |
|---|---|
| Otros Autores: | |
| Formato: | Libro |
| Lenguaje: | Vietnamese |
| Publicado: |
H.
Xây dựng
2017
|
| Materias: | |
| Etiquetas: |
Agregar Etiqueta
Sin Etiquetas, Sea el primero en etiquetar este registro!
|
| Thư viện lưu trữ: | Thư viện Trường Đại học Nam Cần Thơ |
|---|
| LEADER | 02187nam a22002537a 4500 | ||
|---|---|---|---|
| 001 | NCT_49465 | ||
| 008 | 180912b xxu||||| |||| 00| 0 vie d | ||
| 999 | |c 2365 |d 2365 | ||
| 020 | |a 9786048220426 |c 136000 | ||
| 082 | 0 | 4 | |2 23rd ed. |a 624.151 |b Gi104 |
| 100 | 1 | |a Trần Thanh Giám | |
| 245 | 1 | 0 | |a Địa chất kỹ thuật ứng dụng |c Trần Thanh Giám, Nguyễn Công Giang |
| 260 | |a H. |b Xây dựng |c 2017 | ||
| 300 | |a 269tr. |b minh họa |c 27cm | ||
| 520 | 3 | |a Nội dung tài liệu trình bày gọn và chi tiết những ứng dụng của địa kỹ thuật vào trong công trình xây dựng được dặt trên lớp vỏ ngoià cùng của trái đất. Lo[pứ vỏ này được cấu tạo bỏi nhiều loại đất đá khác nhau về thành phần vật chất, trạng thái phân bố và tính chất cơ và tính chất cơ- vật lý và cách sắp xếp chúng trong tự nhiên có ảnh hưởng lớn đến kết cấu, tính năng xây dựng công trình,liên quan đến giải pháp thiết kế, phương pháp thi công công trình xây dựng. | |
| 653 | |a Kỹ thuật Công trình Xây dựng | ||
| 700 | 1 | |a Nguyễn Công Giang | |
| 942 | |2 ddc |c BK | ||
| 952 | |0 0 |1 0 |2 ddc |4 0 |6 624_151000000000000_GI104 |7 0 |9 13662 |a 000001 |b 000001 |d 2018-09-12 |o 624.151 Gi104 |p MD.12803 |r 2018-09-12 |v 136000.00 |w 2018-09-12 |y BK | ||
| 952 | |0 0 |1 0 |2 ddc |4 0 |6 624_151000000000000_GI104 |7 0 |9 13663 |a 000001 |b 000001 |d 2018-09-12 |o 624.151 Gi104 |p MD.12804 |r 2018-09-12 |v 136000.00 |w 2018-09-12 |y BK | ||
| 952 | |0 0 |1 0 |2 ddc |4 0 |6 624_151000000000000_GI104 |7 0 |9 13664 |a 000001 |b 000001 |d 2018-09-12 |o 624.151 Gi104 |p MD.12805 |r 2018-09-12 |v 136000.00 |w 2018-09-12 |y BK | ||
| 952 | |0 0 |1 0 |2 ddc |4 0 |6 624_151000000000000_GI104 |7 0 |9 13665 |a 000001 |b 000001 |d 2018-09-12 |o 624.151 Gi104 |p MD.12806 |r 2018-09-12 |v 136000.00 |w 2018-09-12 |y BK | ||
| 952 | |0 0 |1 0 |2 ddc |4 0 |6 624_151000000000000_GI104 |7 0 |9 13666 |a 000001 |b 000001 |d 2018-09-12 |o 624.151 Gi104 |p MD.12807 |r 2018-09-12 |v 136000.00 |w 2018-09-12 |y BK | ||
| 980 | |a Thư viện Trường Đại học Nam Cần Thơ | ||


